Konsenzuální konference o bezdomovectví v ČR: příprava, průběh a výstupy
Prvá konsenzuálna konferencia, uskutočnená v Prahe v dňoch 26.-27. novembra 2014. Čo je konsenzuálna konferencia a aké sú jej ciele. Konsenzuálna odpoveď na kontroverzné témy. Riešenie spoločensky pálčivého problému bezdomovectva.
Salvato in:
| Autore principale: | |
|---|---|
| Altri autori: | |
| Natura: | Capitolo di libro |
| Lingua: | ceco |
| Soggetti: | |
| Tags: |
Nessun Tag, puoi essere il primo ad aggiungerne!!
|
MARC
| LEADER | 00000naa a2200000 4500 | ||
|---|---|---|---|
| 001 | 0200302 | ||
| 005 | 20221019170312.9 | ||
| 041 | 0 | |a cze | |
| 044 | |a CZ | ||
| 245 | 1 | 0 | |a Konsenzuální konference o bezdomovectví v ČR: příprava, průběh a výstupy |c Ilja Hradecký, Tomáš Sirovátka |
| 520 | |a Prvá konsenzuálna konferencia, uskutočnená v Prahe v dňoch 26.-27. novembra 2014. Čo je konsenzuálna konferencia a aké sú jej ciele. Konsenzuálna odpoveď na kontroverzné témy. Riešenie spoločensky pálčivého problému bezdomovectva. | ||
| 610 | 2 | 0 | |a problémy spoločenské |
| 610 | 2 | 0 | |a nerovnosť sociálna |
| 610 | 2 | 0 | |a dôsledky sociálne |
| 610 | 2 | 0 | |a situácia sociálna |
| 610 | 2 | 0 | |a ľudia bez domova |
| 610 | 2 | 0 | |a politika sociálna |
| 610 | 2 | 0 | |a konferencie |
| 100 | 1 | |a Hradecký, Ilja | |
| 700 | 1 | |a Sirovátka, Tomáš | |